000 00584nam a2200229 i 4500
001 C2-0102028
003 PPAK
005 20180727100026.0
008 970603s1990 si a|||| ||||| | eng d
020 _a9810016417
040 _aPPAK
_beng
_cPPAK
_erda
082 0 4 _a428.6
_223
090 0 0 _a428.6
_bYOU
_dK
245 0 0 _aYou must be joking
264 1 _aSingapore :
_bBookworm ,
_c1990
300 _a76 pages :
_billustrations ;
_c21 cm
336 _2rdacontent
_atext
337 _2rdamedia
_aunmediated
338 _2rdacarrier
_avolume
650 1 0 _aReaders
942 _ddc
_cB
999 _c23692
_d23692